Chicago Cubs Retired Numbers and Sayings - Statistics

General Stats
  • This quiz has been taken 338 times
    311 since last reset
  • The average score is 5 of 8
Answer Stats
Hint Answer % Correct
14 Ernie Banks
94%
23 Ryne Sandberg
85%
10 Ron Santo
78%
31 Fergie Jenkins
65%
31 Greg Maddux
61%
26 Billy Williams
60%
Holy Cow Harry Caray
56%
Hey Hey Jack Brickhouse
35%
No matching quizzes found
Score Distribution
Percent of People with Each Score
Percentile by Number Answered
Your Score History
You have not taken this quiz since the last reset